000 00544nam a2200169 a 4500
001 000026522
005 20200930030251.0
008 110322s1974 dr a 000 0 spa d
040 _aDO-SdBNP
_bspa
_cBNPHU
100 1 _aPérez Ll. Kreemly
_953605
245 1 0 _aFísica elemental /
_cKreemly Pérez Ll., Basilio de León R.
250 _a4a ed. ampl. y corr.
260 _aSanto Domingo :
_bEditora De la Salle,
_c1974.
_fEditora Amigo del Hogar
300 _a155 p. :
_bil. ;
_c23 cm.
700 1 _aLeón R. , Basilio de
_953606
049 _aBNPD
999 _c26014
_d26014